Alle deutschen Städte mit T - Statistiken

Allgemein
  • Dieses Quiz wurde 1.381 mal gespielt
  • Das Durchschnittsergebnis liegt bei 19 aus 59
Antwortstatistiken
Einwohner Stadt BL % Korrekt
110.674 Trier RP
96%
91.077 Tübingen BW
92%
36.507 Tuttlingen BW
81%
20.530 Traunstein BY
73%
74.994 Troisdorf NW
71%
27.097 Teltow BB
63%
19.768 Torgau SN
59%
30.068 Taunusstein HE
57%
9.138 Tecklenburg NW
53%
8.623 Tirschenreuth BY
52%
17.148 Thale ST
48%
5.554 Traben-Trarbach RP
48%
13.234 Tauberbischofsheim BW
47%
20.951 Traunreut BY
47%
19.589 Tettnang BW
46%
19.841 Telgte NW
45%
29.249 Tönisvorst NW
45%
4.382 Tann (Rhön) HE
43%
8.972 Torgelow MV
42%
10.299 Tangermünde ST
41%
8.334 Teterow MV
39%
12.216 Titisee-Neustadt BW
39%
15.636 Templin BB
38%
15.709 Taucha SN
37%
4.952 Tönning SH
35%
14.131 Tornesch SH
35%
10.612 Tangerhütte ST
32%
3.652 Tegernsee BY
31%
12.423 Twistringen NI
31%
12.628 Tamm BW
26%
6.351 Thannhausen BY
25%
17.023 Trossingen BW
24%
3.597 Triptis TH
23%
3.997 Tessin MV
20%
5.825 Tittmoning BY
20%
4.823 Todtnau BW
20%
5.936 Treffurt TH
20%
9.728 Trebbin BB
19%
13.099 Treuchtlingen BY
19%
4.656 Triberg im Schwarzwald BW
18%
11.273 Trostberg BY
18%
5.416 Tharandt SN
17%
4.866 Trendelburg HE
17%
3.507 Tanna TH
16%
7.790 Treuen SN
16%
2.598 Tribsees MV
16%
5.968 Thalheim/Erzgebirge SN
15%
7.423 Treuenbrietzen BB
15%
6.330 Trochtelfingen BW
15%
2.771 Themar TH
14%
9.249 Töging am Inn BY
14%
5.056 Thum SN
13%
4.381 Tambach-Dietharz TH
11%
8.014 Teuchern ST
10%
4.690 Tengen BW
8%
1.885 Teupitz BB
8%
3.795 Trebsen/Mulde SN
8%
7.683 Teublitz BY
7%
1.957 Teuschnitz BY
7%
Keine übereinstimmenden Quizze gefunden
Verteilung der Resultate
Anzahl Personen mit jedem Resultat
Perzentil nach korrekt beantworteten Fragen
Ihre Resultats-Entwicklung
Sie haben dieses Quiz noch nicht gespielt